| 000 | 00566nam a2200169Ia 4500 | ||
|---|---|---|---|
| 008 | 150223s9999 xx 000 0 und d | ||
| 020 | _a743226674 | ||
| 050 |
_aTK 5102 _b.EN56 2004 |
||
| 100 | _aEndlich, Lisa. | ||
| 245 |
_aOptical illusion: _blucent and the rash of telecom / _cLisa Endlich. |
||
| 260 |
_aNew york: _bSimon& Schuster, _c2004 |
||
| 300 |
_a302 pages : _bIllustration; _c24 cm. |
||
| 504 | _aIncludes bibliographical references and Index. | ||
| 520 | _ahistory | ||
| 650 | _aData transmission. | ||
| 650 |
_aTelecommunication; _xEquipment industry. |
||
| 999 |
_c283261 _d283261 |
||